Normal view
MARC view
Entry Personal Name
001 - CONTROL NUMBER
- control field: 726091
003 - CONTROL NUMBER IDENTIFIER
- control field: OSt
005 - DATE AND TIME OF LATEST TRANSACTION
- control field: 20241128113009.0
008 - FIXED-LENGTH DATA ELEMENTS
- fixed length control field: 241128|| aca||aabn | a|a d
040 ## - CATALOGING SOURCE
- Original cataloging agency: OSt
- Transcribing agency: OSt
100 ## - HEADING--PERSONAL NAME
- Personal name: Narayanan Amrita
670 ## - SOURCE DATA FOUND
- Source citation: Work cat.: (OSt)1220203: Narayanan Amrita , Women's sexuality and modern India: In a rapture of distress, 2023
